The Princess Bride-All Credited Actors Click Quiz - Statistics

General Stats
  • This quiz has been taken 335 times
    305 since last reset
  • The average score is 11 of 19
Answer Stats
Hint Answer % Correct
Westley Cary Elwes
90%
Buttercup Robin Wright
88%
Fezzik Andre The Giant
85%
Inigo Montoya Mandy Patinkin
83%
The Grandson Fred Savage
82%
Miracle Max Billy Crystal
81%
The Grandfather/Narrator Peter Falk
76%
Valerie, Max's Wife Carol Kane
74%
Count Rugen Christopher Guest
70%
Vizzini Wallace Shawn
63%
Prince Humperdink Chris Sarandon
57%
The Queen Anne Dyson
43%
Impressive Clergyman Peter Cook
43%
The Albino Mel Smith
36%
The Assistant Brute Paul Badger
28%
The King Willoughby Gray
28%
The Ancient Booer Margery Mason
26%
Yellin Malcolm Storry
24%
The Mother Betsy Brantley
22%
No matching quizzes found
Score Distribution
Percent of People with Each Score
Percentile by Number Answered
Your Score History
You have not taken this quiz since the last reset